[Event "HUN-chT2 Toth 2223"]
[Site "Hungary"]
[Date "2023.04.23"]
[Round "11.6"]
[White "Kurucz, Gergely"]
[Black "Bogdany, Gabor"]
[Result "1/2-1/2"]
[WhiteElo "1632"]
[BlackElo "1979"]
[PlyCount "52"]
[EventDate "2022.10.16"]
[EventType "team-tourn"]
[EventRounds "11"]
[EventCountry "HUN"]
[SourceTitle "EXT 2025"]
[Source "ChessBase"]
[SourceDate "2024.10.14"]
[SourceVersion "1"]
[SourceVersionDate "2024.10.14"]
[SourceQuality "1"]
[WhiteTeam "Meritum II"]
[BlackTeam "Oroshaza SE"]
[WhiteTeamCountry "HUN"]
[BlackTeamCountry "HUN"]

1. e4 c5 2. g3 e6 3. Bg2 d5 4. d3 Nf6 5. Bg5 Be7 6. Bxf6 Bxf6 7. c3 h5 8. h4 dxe4 9. Bxe4 Qc7 10. Ne2 e5 11. Nd2 Nc6 12. Nb3 Qb6 13. Qd2 Be6 14. c4 0-0-0 15. Qe3 Nb4 16. 0-0 Nc2 17. Qxc5+ Qxc5 18. Nxc5 Nxa1 19. Nxe6 fxe6 20. Rxa1 g5 21. hxg5 Bxg5 22. Kg2 h4 23. g4 h3+ 24. Kh2 Bf4+ 25. Nxf4 exf4 26. f3 Rdg8 1/2-1/2

[Event "HUN-chT2 Toth 2223"]
[Site "Hungary"]
[Date "2022.11.20"]
[Round "3.8"]
[White "Solymosi, Ferenc"]
[Black "Kurucz, Gergely"]
[Result "1/2-1/2"]
[WhiteElo "1898"]
[BlackElo "1625"]
[PlyCount "25"]
[EventDate "2022.10.16"]
[EventType "team-tourn"]
[EventRounds "11"]
[EventCountry "HUN"]
[SourceTitle "EXT 2025"]
[Source "ChessBase"]
[SourceDate "2024.10.14"]
[SourceVersion "1"]
[SourceVersionDate "2024.10.14"]
[SourceQuality "1"]
[WhiteTeam "Gyula"]
[BlackTeam "Meritum II"]
[WhiteTeamCountry "HUN"]
[BlackTeamCountry "HUN"]

1. Nf3 c6 2. g3 d5 3. Bg2 Bf5 4. 0-0 Nf6 5. d3 e6 6. c4 dxc4 7. dxc4 Be7 8. Nc3 Na6 9. Bf4 Qb6 10. Na4 Qd8 11. Nc3 Qb6 12. Na4 Qd8 13. Nc3 1/2-1/2

[Event "HUN-chT1 Maroczy 2122"]
[Site "Hungary"]
[Date "2022.03.20"]
[Round "10.11"]
[White "Kurucz, Gergely"]
[Black "Pervai, Laszlo"]
[Result "0-1"]
[WhiteElo "1628"]
[BlackElo "2027"]
[PlyCount "116"]
[EventDate "2021.10.10"]
[EventType "team-tourn"]
[EventRounds "11"]
[EventCountry "HUN"]
[SourceTitle "EXT 2025"]
[Source "ChessBase"]
[SourceDate "2024.10.14"]
[SourceVersion "1"]
[SourceVersionDate "2024.10.14"]
[SourceQuality "1"]
[WhiteTeam "Meritum Egyesulet"]
[BlackTeam "Hobagoly"]
[WhiteTeamCountry "HUN"]
[BlackTeamCountry "HUN"]

1. e4 c5 2. g3 d5 3. Bb5+ Bd7 4. Bxd7+ Qxd7 5. exd5 Qxd5 6. Qf3 Nf6 7. Nc3 Qd7 8. Nge2 Nc6 9. a3 Ne5 10. Qg2 h5 11. d3 h4 12. h3 hxg3 13. fxg3 0-0-0 14. Bf4 Ng6 15. 0-0-0 Nxf4 16. Nxf4 g5 17. Nfe2 Bg7 18. g4 Nd5 19. Qxd5 Qxd5 20. Nxd5 Rxd5 21. Ng3 Be5 22. Ne4 e6 23. c4 Bf4+ 24. Kc2 Re5 25. Rde1 Kd7 26. Nf6+ Ke7 27. Rxe5 Bxe5 28. Ne4 Bf4 29. Nxc5 b6 30. Ne4 f5 31. gxf5 exf5 32. Nd2 Kf6 33. d4 Bxd2 34. Kxd2 Rh4 35. Ke3 g4 36. d5 Ke5 37. b3 f4+ 38. Kf2 gxh3 39. Kf3 h2 40. Kg2 Rg4+ 41. Kxh2 f3 42. Rg1 Rd4 43. Kg3 Rd3 44. Rb1 Kd4 45. Rb2 Ke3 46. Rf2 Ke4 47. Rb2 a6 48. a4 a5 49. b4 Rd1 50. bxa5 bxa5 51. Kf2 Kf4 52. Rc2 Rh1 53. Rc3 Rh2+ 54. Kg1 Rd2 55. c5 Kg3 56. Rc1 Rg2+ 57. Kh1 Rh2+ 58. Kg1 f2+ 0-1